000
00320nam a22001337a 4500
003
OSt
005
20260213160100.0
008
260213b |||||||| |||| 00| 0 eng d
040
_c
fms
100
_a
Anderson (D.R)
_9
1115826
245
_a
Management science
700
_a
Sweeney(D.J)
_9
1115827
942
_2
CC
_c
TB
_e
13
_n
0
999
_c
1679675
_d
1679675